Los ingleses / (Record no. 101266)

MARC details
000 -LEADER
campo de control de longitud fija 00784nam a2200217 i 4500
001 - NÚMERO DE CONTROL
campo de control 101266
003 - IDENTIFICADOR DE NÚMERO DE CONTROL
campo de control ES-MaACL
005 - FECHA Y HORA DE LA ÚLTIMA TRANSACCIÓN
campo de control 20250829062543.0
007 - CAMPO FIJO DE DESCRIPCIÓN FÍSICA--INFORMACIÓN GENERAL
campo de control de longitud fija t|
008 - DATOS DE LONGITUD FIJA--INFORMACIÓN GENERAL
campo de control de longitud fija 051017s1944 sp ||||1| spa d
100 1# - ENTRADA PRINCIPAL--NOMBRE DE PERSONA
Nombre de persona Maurois, André,
Fechas asociadas al nombre 1885-1967
9 (RLIN) 79267
245 14 - MENCIÓN DEL TÍTULO
Título Los ingleses /
Mención de responsabilidad, etc. André Maurois, [seud.] de Emile Herzog; versión española de María Luz Morales; sobrecubierta, cubierta y portada de E. Moneny.
260 ## - PUBLICACIÓN, DISTRIBUCIÓN, ETC.
Lugar de publicación, distribución, etc. Barcelona :
Nombre del editor, distribuidor, etc. Surco,
Fecha de publicación, distribución, etc. 1944.
300 ## - DESCRIPCIÓN FÍSICA
Extensión 112 p., 20 lám. ;
Dimensiones 24 cm.
650 04 - PUNTO DE ACCESO ADICIONAL DE MATERIA--TÉRMINO DE MATERIA
Término de materia o nombre geográfico como elemento de entrada Británicos-
Subdivisión general Psicología.
9 (RLIN) 10620
651 #4 - PUNTO DE ACCESO ADICIONAL DE MATERIA--NOMBRE GEOGRÁFICO
Nombre geográfico Gran Bretaña-
Subdivisión general Usos y costumbres.
9 (RLIN) 8765
700 1# - ENTRADA AGREGADA--NOMBRE PERSONAL
Nombre de persona Morales, María Luz,
Fechas asociadas al nombre 1889-1980
9 (RLIN) 83001
700 1# - ENTRADA AGREGADA--NOMBRE PERSONAL
Nombre de persona Moneny, Enrique.
9 (RLIN) 82164
852 ## - LOCALIZACIÓN
Ubicación ES-MaACL
Número de control de estantería F-15914
Sublocalización o colección R.20687
Holdings
Estatus retirado Estado de pérdida Estado de daño No para préstamo Biblioteca de origen Biblioteca actual Ubicación en estantería Fecha de adquisición Fuente de adquisición Total de préstamos Signatura topográfica completa Código de barras Visto por última vez Precio de reemplazo Tipo de ítem Koha
        Biblioteca del Ateneo de Madrid Biblioteca del Ateneo de Madrid Sala Pecera Planta 2 17/01/2008     F-15914 1105724 23/02/2023 23/02/2023 Libro impreso